[Event "AUTO-OPEN-4332"]
[Site "http://www.queenalice.com/game.php?id=1778082"]
[Date "2021.12.23"]
[Round "1"]
[White "capablancacapablanca1"]
[Black "Canaye"]
[Result "1-0"]
[WhiteElo "1759"]
[BlackElo "1992"]

1. d4 e6 2. c4 d5 3. Nf3 c5 4. cxd5 exd5 5. dxc5 Bxc5 6. e3 Nc6 7. Bb5 Ne7 8.
O-O O-O 9. Nc3 a6 10. Ba4 b5 11. Bb3 Bg4 12. h3 Bh5 13. Nxd5 Rb8 14. e4 Nxd5 15.
exd5 Ne5 16. g4 Nxf3+ 17. Qxf3 Bg6 18. Bf4 Rc8 19. d6 h5 20. gxh5 Bh7 21. h6 Qf6
22. Qg3 Rc6 23. hxg7 Rfc8 24. Be5 Qg6 25. Qxg6 Bxg6 26. Bd5 Rxd6 27. Bxd6 Bxd6
28. Rac1 Re8 29. Rc6 Rd8 30. Rd1 Be7 31. Rxa6 Kxg7 32. Ra7 Bc5 33. Ra8 Rd6 34.
Rc8 Bb4 35. a3 Ba5 36. b4 Bd8 37. Bf3 Rxd1+ 38. Bxd1 Bf6 39. Be2 Bb2 40. Ra8 Be4
41. Ra5 Bc6 42. Bxb5 Be4 43. Bc4 f6 44. b5 Kg6 45. b6 f5 46. Bd5 Bxd5 47. Rxd5
Bxa3 48. b7 1-0

[Event "AUTO-OPEN-4347"]
[Site "http://www.queenalice.com/game.php?id=1781997"]
[Date "2022.2.2"]
[Round "1"]
[White "Kapablanca"]
[Black "capablancacapablanca1"]
[Result "0-1"]
[WhiteElo "1901"]
[BlackElo "1951"]

1. g3 Nf6 2. Bg2 g6 3. Nf3 Bg7 4. d4 O-O 5. O-O d6 6. Re1 Nbd7 7. e4 e5 8. Bg5
Qe8 9. dxe5 Nxe5 10. c3 Bg4 11. Nbd2 h6 12. Bf4 Nd3 13. Rf1 Nxe4 14. Nxe4 Qxe4
15. h3 Nxf4 16. hxg4 Nxg2 17. Kxg2 Qxg4 18. Qb3 b6 19. Rae1 Rfe8 20. Qd5 Qd7 21.
Nd4 Bxd4 22. Rxe8+ Rxe8 23. Qxd4 Qe6 24. Qf4 Qe4+ 25. Qxe4 Rxe4 26. Kf3 f5 27.
Rd1 Kf7 28. Rd2 Ke6 29. b3 d5 30. Rd4 c5 31. Rd2 b5 0-1

[Event "AUTO-OPEN-4347"]
[Site "http://www.queenalice.com/game.php?id=1781998"]
[Date "2022.2.2"]
[Round "1"]
[White "capablancacapablanca1"]
[Black "Kapablanca"]
[Result "1-0"]
[WhiteElo "1976"]
[BlackElo "2003"]

1. d4 d5 2. c4 e6 3. Nc3 c5 4. dxc5 Bxc5 5. cxd5 exd5 6. Qxd5 Qxd5 7. Nxd5 Bd6
8. Nf3 Ne7 9. e4 Nxd5 10. exd5 O-O 11. Bb5 Bd7 12. Bxd7 Nxd7 13. O-O Rfd8 14.
Be3 Nf6 15. Bg5 Be7 16. Rfe1 Rd7 17. Rad1 Rad8 18. Bxf6 Bxf6 19. Re2 g6 20. Red2
Be7 21. Ne5 Rd6 22. f4 f6 23. Nc4 R6d7 24. a3 b5 25. Na5 Bc5+ 26. Kf1 Be3 27.
Re2 Bxf4 28. Nc6 Ra8 29. g3 Bd6 30. Re6 f5 31. Ke2 f4 32. g4 Rf8 33. Kf3 g5 34.
b4 Kg7 35. Nd4 Rf6 36. Nxb5 Bf8 37. Re5 h6 38. Nd4 Bd6 39. Re6 Kf7 40. Rc1 Be5
41. Rxe5 1-0

[Event "AUTO-OPEN-4347"]
[Site "http://www.queenalice.com/game.php?id=1782020"]
[Date "2022.2.2"]
[Round "1"]
[White "capablancacapablanca1"]
[Black "jbliborio"]
[Result "1-0"]
[WhiteElo "1951"]
[BlackElo "1318"]

1. d4 c6 2. c4 d5 3. Nc3 Nf6 4. Nf3 a6 5. Bg5 h6 6. Bh4 g5 7. Bg3 e6 8. h4 dxc4
9. a4 b6 10. hxg5 Ng4 11. e4 Bb4 12. Bxc4 1-0

[Event "AUTO-OPEN-4347"]
[Site "http://www.queenalice.com/game.php?id=1782033"]
[Date "2022.2.2"]
[Round "1"]
[White "capablancacapablanca1"]
[Black "vasyl_puzanov"]
[Result "0-1"]
[WhiteElo "1902"]
[BlackElo "1572"]

1. d4 f5 2. c4 Nf6 3. Nc3 e6 4. Nf3 Bb4 5. Bg5 O-O 6. a3 Bxc3+ 7. bxc3 h6 8.
Bxf6 Qxf6 9. e3 d5 10. cxd5 exd5 11. c4 c6 12. Qb3 Qd6 13. cxd5 cxd5 14. Bd3 Nc6
15. O-O Rb8 16. Rfc1 a6 17. Rc5 Be6 18. Rac1 f4 19. Bb1 Rf6 0-1

[Event "AUTO-OPEN-4347"]
[Site "http://www.queenalice.com/game.php?id=1782034"]
[Date "2022.2.2"]
[Round "1"]
[White "vasyl_puzanov"]
[Black "capablancacapablanca1"]
[Result "1-0"]
[WhiteElo "1601"]
[BlackElo "1871"]

1. e4 c5 2. Nf3 d6 3. d4 cxd4 4. Qxd4 Nc6 5. Bb5 Qa5+ 6. Nc3 Qxb5 7. Qd3 Qxd3 8.
cxd3 Nb4 9. O-O Bd7 10. Rb1 Nf6 11. Rd1 g6 12. a3 Nc6 13. h3 Bg7 14. d4 O-O 15.
Be3 Rac8 16. d5 Ne5 17. Nxe5 dxe5 18. Bxa7 Rc4 19. f3 1-0

[Event "AUTO-ADV-4586"]
[Site "http://www.queenalice.com/game.php?id=1782191"]
[Date "2022.2.5"]
[Round "1"]
[White "Tenor"]
[Black "capablancacapablanca1"]
[Result "0-1"]
[WhiteElo "1749"]
[BlackElo "2004"]

1. Nf3 Nf6 2. b3 g6 3. Bb2 Bg7 4. d4 O-O 5. Nbd2 d6 6. e4 Bg4 7. Be2 Nbd7 8. h3
Bxf3 9. Bxf3 c5 10. e5 Ne8 11. exd6 Nxd6 12. Ne4 Qc7 13. c4 Rad8 14. O-O Nxe4
15. Bxe4 cxd4 16. Bxd4 Nc5 17. Bd5 e6 18. Bxg7 Kxg7 19. Qd4+ Kg8 20. b4 Na6 21.
Qxa7 exd5 22. b5 Nc5 23. Qa3 dxc4 24. Qc3 b6 25. Qxc4 Rfe8 26. Rfe1 Re7 27. g3
Rde8 28. Red1 Re4 29. Qd5 Rb4 30. Rdb1 Rxb1+ 31. Rxb1 Qe5 32. Qxe5 Rxe5 33. Ra1
Na4 34. Rc1 Rxb5 35. Rc8+ Kg7 36. Ra8 Nc3 37. a4 Ra5 38. Rb8 Nxa4 39. Rd8 Rb5
40. Ra8 Nc5 41. Rc8 Ne6 42. Kf1 Rb2 43. Rc1 b5 44. Ke1 b4 45. Rd1 b3 46. f4 Rh2
47. Rd2 b2 0-1

[Event "AUTO-ADV-4586"]
[Site "http://www.queenalice.com/game.php?id=1782192"]
[Date "2022.2.5"]
[Round "1"]
[White "capablancacapablanca1"]
[Black "Tenor"]
[Result "0-1"]
[WhiteElo "1938"]
[BlackElo "1789"]

1. d4 d5 2. c4 dxc4 3. Nc3 Nf6 4. e4 c6 5. e5 Nd5 6. Bxc4 Bf5 7. Qb3 b5 8. Bxd5
cxd5 9. Qxb5+ Qd7 10. Qxd5 Qxd5 11. Nxd5 Na6 12. Bd2 e6 13. Ne3 Nb4 14. Bxb4
Bxb4+ 15. Ke2 Be4 16. f3 Bb7 17. Rc1 O-O 0-1

[Event "AUTO-ADV-4586"]
[Site "http://www.queenalice.com/game.php?id=1782203"]
[Date "2022.2.5"]
[Round "1"]
[White "Sigmund"]
[Black "capablancacapablanca1"]
[Result "0-1"]
[WhiteElo "1902"]
[BlackElo "1883"]

1. e4 c5 2. Nc3 d6 3. h3 Nf6 4. Nf3 g6 5. Bc4 Bg7 6. d3 a6 7. O-O O-O 8. Re1
Nbd7 9. Bg5 b5 10. Bd5 Nxd5 11. Nxd5 Nf6 12. c4 Nxd5 13. exd5 Re8 14. Qb3 Bd7
15. Re2 h6 16. Bh4 g5 17. Bg3 f5 18. Rae1 f4 19. Bxf4 gxf4 20. Nh4 Bf6 21. Ng6
f3 22. gxf3 Kh7 23. Nf4 Rg8+ 24. Kh2 Be5 25. Re4 Qf8 26. Rxe5 Qxf4+ 0-1

[Event "AUTO-ADV-4586"]
[Site "http://www.queenalice.com/game.php?id=1782204"]
[Date "2022.2.5"]
[Round "1"]
[White "capablancacapablanca1"]
[Black "Sigmund"]
[Result "1-0"]
[WhiteElo "1921"]
[BlackElo "1872"]

1. d4 d5 2. c4 c6 3. Nc3 Bf5 4. Nf3 Nf6 5. Bg5 Nbd7 6. e3 e6 7. Nh4 Bg6 8. Nxg6
fxg6 9. cxd5 cxd5 10. Rc1 Be7 11. Bd3 O-O 12. O-O Rc8 13. h3 Bd6 14. Qb3 Rb8 15.
Nb5 Qb6 16. Nxd6 Qxd6 17. Bf4 e5 18. dxe5 Nxe5 19. Rc2 b6 20. Rfc1 Qe7 21. Bb5
Rbd8 22. Rc7 Ned7 23. Rxa7 Kh8 24. Rcc7 Rf7 25. Bg5 h6 26. Bxf6 Qxf6 27. Rxd7
Rc8 28. Rxf7 Qe5 29. Rxg7 1-0

[Event "AUTO-ADV-4586"]
[Site "http://www.queenalice.com/game.php?id=1782209"]
[Date "2022.2.5"]
[Round "1"]
[White "SGF"]
[Black "capablancacapablanca1"]
[Result "0-1"]
[WhiteElo "1774"]
[BlackElo "1909"]

1. e4 c5 2. Qf3 d6 3. d3 Nf6 4. h4 g6 5. Be2 Nc6 6. c3 Qb6 7. b3 Bg7 8. Qg3 Bd7
9. h5 O-O-O 10. h6 Bf8 11. Be3 e5 12. b4 a5 13. bxc5 Qb2 14. cxd6 Qxa1 15. Bd1
Qxb1 16. Bg5 Nh5 17. Rxh5 gxh5 18. Bxd8 Bxh6 19. Bf6 Qxa2 20. Bxh8 Qd2+ 21. Kf1
Qxd1# 0-1

[Event "AUTO-ADV-4586"]
[Site "http://www.queenalice.com/game.php?id=1782210"]
[Date "2022.2.5"]
[Round "1"]
[White "capablancacapablanca1"]
[Black "SGF"]
[Result "1-0"]
[WhiteElo "1864"]
[BlackElo "1775"]

1. d4 e5 2. d5 Qf6 3. e4 Bc5 4. Nf3 d6 5. h4 Bg4 6. Be2 h6 7. Nc3 a6 8. Qd3 Nd7
9. a3 b5 10. b4 Bd4 11. Nxd4 exd4 12. Bxg4 dxc3 13. f4 h5 14. Bh3 Qxh4+ 15. g3
Qf6 16. Be3 h4 17. Bd4 Ne5 18. fxe5 dxe5 19. Bxc3 hxg3 20. Qxg3 Qh4 21. Bd7+
Kxd7 22. Rxh4 Rxh4 23. Qxh4 f6 24. Qg4+ Kd6 25. Qe6# 1-0